Top 30 Daft Punk Songs by Popularity - Statistics

General Stats
  • This quiz has been taken 705 times
    653 since last reset
  • The average score is 10 of 30
Answer Stats
Hint Answer % Correct
1 Get Lucky
96%
2 Around The World
87%
3 One More Time
85%
10 Harder Better Faster Stronger
81%
7 Da Funk
73%
13 Robot Rock
64%
8 Lose Yourself to Dance
62%
5 Technologic
62%
23 Technologic
62%
20 Human After All
48%
4 Give Life Back to Music
43%
11 Giorgio by Moroder
34%
9 Contact
32%
28 Revolution 909
29%
24 Television Rules the Nation
28%
26 Doin' it Right
27%
21 Within
26%
12 Beyond
21%
19 Motherboard
21%
6 Derezzed
19%
15 The Game of Love
14%
14 End of Line
5%
18 The Grid
4%
22 The Son of Flynn
4%
25 Fall
1%
30 Overture
1%
29 Recognizer
1%
17 The Game has Changed
1%
27 Arena
0%
16 TRON Legacy (End Titles)
0%
No matching quizzes found
Score Distribution
Percent of People with Each Score
Percentile by Number Answered
Your Score History
You have not taken this quiz since the last reset